000 00426nam a2200145Ia 4500
008 090124s9999 xx 000 0 und d
082 _b48
245 _a फळझाडांची लागवड
250 _a0
260 _bउदयम प्रकाशन
_c1970
300 _a163
630 _a फळझाडांची लागवड
730 _a फळझाडांची लागवड
942 _cBOOK
999 _c81516
_d81516